Library Banner

Handbook of positive emotions (Record no. 84610)

MARC details
000 -LEADER
fixed length control field 00571nam a2200205Ia 4500
001 - CONTROL NUMBER
control field 71603
008 - FIXED-LENGTH DATA ELEMENTS--GENERAL INFORMATION
fixed length control field 160401s9999 xx 000 0 und d
020 ## - INTERNATIONAL STANDARD BOOK NUMBER
International Standard Book Number 9781462513970
040 ## - CATALOGING SOURCE
Transcribing agency PK-LaUMT
082 ## - DEWEY DECIMAL CLASSIFICATION NUMBER
Classification number 152.4
Item number HAN-
100 ## - MAIN ENTRY--PERSONAL NAME
Personal name Tugade, Michele M.
245 ## - TITLE STATEMENT
Title Handbook of positive emotions
Statement of responsibility, etc Tugade, Michele M.|Shiota, Michelle N.|Kirby, Leslie D.
260 ## - PUBLICATION, DISTRIBUTION, ETC. (IMPRINT)
Place of publication, distribution, etc New York,USA:
Name of publisher, distributor, etc The Guilford Press,
Date of publication, distribution, etc 2014
300 ## - PHYSICAL DESCRIPTION
Extent 527 p.
546 ## - LANGUAGE NOTE
Language note EN
650 ## - SUBJECT ADDED ENTRY--TOPICAL TERM
Topical term or geographic name as entry element Positive psychology
700 ## - ADDED ENTRY--PERSONAL NAME
Personal name Kirby, Leslie D.
700 ## - ADDED ENTRY--PERSONAL NAME
Personal name Shiota, Michelle N.
942 ## - ADDED ENTRY ELEMENTS (KOHA)
Koha item type Books
Holdings
Withdrawn status Lost status Damaged status Not for loan Home library Current library Date acquired Total Checkouts Full call number Barcode Date last seen Date checked out Price effective from Koha item type
        UMT Main Campus UMT Main Campus 2016-04-01 3 152.4 HAN- 98045 2019-01-25 2019-01-18 2016-04-01 Books